The art of teaching /
Guardado en:
| Autor Principal: | |
|---|---|
| Formato: | Libro |
| Idioma: | English |
| Publicado: |
New York :
Vintage Books,
1954.
|
| Edición: | 1st Vintage ed. |
| Materias: | |
| Etiquetas: |
Agregar Etiqueta
Sin Etiquetas, Sea el primero en etiquetar este registro!
|
| LEADER | 00591nam a22001815a 4500 | ||
|---|---|---|---|
| 001 | EUN.eunm004585 | ||
| 005 | 20130410120245.0 | ||
| 008 | 041125s1954####nyu######b####001#0#eng#d | ||
| 082 | 0 | 4 | |a 371 |2 15 |
| 100 | 1 | |a Highet, Gilbert, |d 1906-1978. | |
| 245 | 1 | 4 | |a The art of teaching / |c Gilbert Highet. |
| 250 | |a 1st Vintage ed. | ||
| 260 | |a New York : |b Vintage Books, |c 1954. | ||
| 300 | |a xvii, 259, viii p. ; |c 19 cm. | ||
| 504 | |a Incluye referencias bibliográficas e índice. | ||
| 650 | 7 | |a Educación. |2 unbist | |
| 650 | 7 | |a Enseñanza. |2 unbist | |
| 859 | |a AR-BaUNS |b BIB. CENTRAL - Sector C |h 371 |i H534 |p 790/961 | ||
